[Event "Isle of Wight International"]
[Site "Ryde"]
[Date "2025.02.20"]
[Round "5.48"]
[White "Freeland, Alex"]
[Black "Cansdale, Zach"]
[Result "0-1"]
[WhiteElo "2025"]
[BlackElo "1955"]
[PlyCount "112"]
[EventDate "2025.02.18"]
[EventType "swiss"]
[EventRounds "9"]
[EventCountry "ENG"]
[SourceTitle "BritBase"]
[Source "John Saunders"]
[SourceDate "2025.02.21"]
[SourceVersion "1"]
[SourceVersionDate "2025.02.21"]
[SourceQuality "1"]

1. d4 d5 2. c4 c6 3. cxd5 cxd5 4. Nc3 Nf6 5. Nf3 Nc6 6. Bf4 Bf5 7. Qb3 Na5 8. Qa4+ Bd7 9. Qc2 e6 10. e3 Rc8 11. Bd3 Bb4 12. O-O Nh5 13. Bg5 f6 14. Bh4 g5 15. Bg3 Nxg3 16. hxg3 g4 17. Nd2 f5 18. f4 gxf3 19. Rxf3 Rg8 20. Kf2 Qc7 21. Rc1 Bd6 22. Ne2 Qxc2 23. Rxc2 Rxc2 24. Bxc2 Bb5 25. Nf4 Ke7 26. Nb1 Rc8 27. Nc3 Bd7 28. Bd3 Nc4 29. Bxc4 Rxc4 30. Ke2 Bb4 31. Kd3 Bxc3 32. bxc3 Ra4 33. Kc2 Rxa2+ 34. Kb3 Ra1 35. Nd3 h5 36. Nf4 Be8 37. c4 dxc4+ 38. Kxc4 a5 39. Rf2 Rc1+ 40. Kd3 b5 41. d5 e5 42. Ne2 Rd1+ 43. Kc3 Bd7 44. e4 fxe4 45. Kc2 Rxd5 46. Nc3 Rc5 47. Kb2 Rc4 48. Nd5+ Ke6 49. Ne3 Rd4 50. Nf5 Rd3 51. Kc2 b4 52. Ng7+ Ke7 53. Nxh5 b3+ 54. Kb2 e3 55. Rf1 e2 56. Re1 Bg4 0-1

[Event "Isle of Wight International"]
[Site "Ryde"]
[Date "2025.02.20"]
[Round "5.49"]
[White "Rastogi, Nayan Keats"]
[Black "Vashisht-Pigem, Raman"]
[Result "1/2-1/2"]
[WhiteElo "1843"]
[BlackElo "2023"]
[PlyCount "61"]
[EventDate "2025.02.18"]
[EventType "swiss"]
[EventRounds "9"]
[EventCountry "ENG"]
[SourceTitle "BritBase"]
[Source "John Saunders"]
[SourceDate "2025.02.21"]
[SourceVersion "1"]
[SourceVersionDate "2025.02.21"]
[SourceQuality "1"]

1. e4 e5 2. Nf3 Nc6 3. Bb5 a6 4. Ba4 Bc5 5. c3 Nge7 6. O-O Ba7 7. Re1 O-O 8. d3 d6 9. Be3 Bxe3 10. Rxe3 Ng6 11. Bxc6 bxc6 12. d4 f6 13. Nbd2 Be6 14. b4 a5 15. a3 Qe7 16. Nb3 Bxb3 17. Qxb3+ Qf7 18. Qb2 Rfb8 19. Ree1 c5 20. d5 Qd7 21. Qd2 cxb4 22. axb4 axb4 23. Rxa8 Rxa8 24. cxb4 Qb5 25. Qc3 Qb6 26. g3 Ra4 27. Rb1 Ne7 28. Rc1 Rxb4 29. Qxc7 Qxc7 30. Rxc7 Kf7 31. Nd2 1/2-1/2

[Event "Isle of Wight International"]
[Site "Ryde"]
[Date "2025.02.20"]
[Round "5.50"]
[White "Looi, Xin Hao"]
[Black "Varro, Daniel"]
[Result "1-0"]
[WhiteElo "2043"]
[BlackElo "1925"]
[PlyCount "65"]
[EventDate "2025.02.18"]
[EventType "swiss"]
[EventRounds "9"]
[EventCountry "ENG"]
[SourceTitle "BritBase"]
[Source "John Saunders"]
[SourceDate "2025.02.21"]
[SourceVersion "1"]
[SourceVersionDate "2025.02.21"]
[SourceQuality "1"]

1. d4 e6 2. Nc3 Be7 3. e4 d5 4. e5 c5 5. Qg4 g5 6. dxc5 h5 7. Bb5+ Nc6 8. Bxc6+ bxc6 9. Qa4 Nh6 10. h4 gxh4 11. Bxh6 Rxh6 12. O-O-O Rg6 13. Ne4 Kf8 14. Nd6 Rg4 15. Qa3 Bg5+ 16. Kb1 a5 17. Nf3 Bh6 18. Nd4 Bd7 19. Qf3 Rf4 20. Qxh5 Qg5 21. Qxg5 Bxg5 22. Nf3 Be7 23. Rd4 Rxd4 24. Nxd4 Kg7 25. f4 f6 26. Nf3 Rh8 27. a4 Rh6 28. Rh3 Kf8 29. g3 Be8 30. g4 Bg6 31. exf6 Bxd6 32. cxd6 Be4 33. d7 1-0

[Event "Isle of Wight International"]
[Site "Ryde"]
[Date "2025.02.20"]
[Round "5.51"]
[White "Eagleton, Greg T"]
[Black "Buckland, Louis"]
[Result "1/2-1/2"]
[WhiteElo "2042"]
[BlackElo "1919"]
[PlyCount "38"]
[EventDate "2025.02.18"]
[EventType "swiss"]
[EventRounds "9"]
[EventCountry "ENG"]
[SourceTitle "BritBase"]
[Source "John Saunders"]
[SourceDate "2025.02.21"]
[SourceVersion "1"]
[SourceVersionDate "2025.02.21"]
[SourceQuality "1"]

1. d4 d5 2. c4 e6 3. Nc3 Nf6 4. Nf3 c5 5. cxd5 Nxd5 6. e4 Nxc3 7. bxc3 cxd4 8. cxd4 Bb4+ 9. Bd2 Bxd2+ 10. Qxd2 O-O 11. Bc4 Nd7 12. O-O b6 13. d5 exd5 14. Bxd5 Rb8 15. Rfd1 Qe7 16. Nd4 Bb7 17. Nf5 Qf6 18. Bxb7 Rxb7 19. Qd6 Qxd6 1/2-1/2

[Event "Isle of Wight International"]
[Site "Ryde"]
[Date "2025.02.20"]
[Round "5.52"]
[White "Zhu, Pengxiao"]
[Black "Sasikumar, Srivathsan"]
[Result "1-0"]
[WhiteElo "1922"]
[BlackElo "1992"]
[PlyCount "73"]
[EventDate "2025.02.18"]
[EventType "swiss"]
[EventRounds "9"]
[EventCountry "ENG"]
[SourceTitle "BritBase"]
[Source "John Saunders"]
[SourceDate "2025.02.21"]
[SourceVersion "1"]
[SourceVersionDate "2025.02.21"]
[SourceQuality "1"]

1. d4 Nf6 2. c4 e6 3. Nc3 d5 4. cxd5 exd5 5. Bg5 Be7 6. e3 Be6 7. Bd3 Nbd7 8. Nge2 c6 9. Qc2 Rc8 10. O-O O-O 11. Rad1 c5 12. dxc5 Nxc5 13. Bxf6 Bxf6 14. Bxh7+ Kh8 15. Bf5 Qd7 16. Rxd5 Bxf5 17. Rxf5 Kg8 18. Rd1 Qe8 19. Rfd5 Qe7 20. Rh5 g6 21. Nd5 Qe6 22. Nxf6+ Qxf6 23. Rxc5 Rxc5 24. Qxc5 Qxb2 25. Nf4 Qxa2 26. Nd5 Qb2 27. Qxa7 Rd8 28. Qd4 Qxd4 29. Rxd4 Ra8 30. g3 Ra1+ 31. Kg2 Ra5 32. e4 f5 33. exf5 gxf5 34. Ne3 Kf7 35. Rb4 f4 36. Rxb7+ Kf6 37. gxf4 1-0

[Event "Isle of Wight International"]
[Site "Ryde"]
[Date "2025.02.20"]
[Round "5.53"]
[White "Chilton, James I"]
[Black "Mokhber-Garcia, Sebastian"]
[Result "0-1"]
[WhiteElo "1799"]
[BlackElo "1974"]
[PlyCount "100"]
[EventDate "2025.02.18"]
[EventType "swiss"]
[EventRounds "9"]
[EventCountry "ENG"]
[SourceTitle "BritBase"]
[Source "John Saunders"]
[SourceDate "2025.02.21"]
[SourceVersion "1"]
[SourceVersionDate "2025.02.21"]
[SourceQuality "1"]

1. e4 e5 2. Nf3 Nc6 3. Bb5 Nf6 4. d3 Bc5 5. O-O d6 6. c3 a6 7. Ba4 b5 8. Bc2 h6 9. d4 exd4 10. cxd4 Bb6 11. h3 O-O 12. a3 Re8 13. Re1 Bb7 14. Nc3 Nb8 15. b4 c5 16. d5 Nbd7 17. Bf4 Ne5 18. bxc5 Bxc5 19. Nxe5 dxe5 20. Be3 Qd6 21. Bxc5 Qxc5 22. Re3 Rac8 23. Rb1 Red8 24. Rb3 Ba8 25. Rg3 Rd6 26. Qf3 Re8 27. Qe3 Qxe3 28. Rxe3 Rb6 29. a4 b4 30. Bd3 a5 31. Nb5 Rc8 32. Re1 Bb7 33. Rd1 Nd7 34. Na7 Ra8 35. Nc6 Nc5 36. Rb2 Nxa4 37. Rbd2 Nc3 38. Ra1 Bxc6 39. dxc6 Rxc6 40. Rb2 Rb6 41. Bc4 a4 42. Bb3 a3 43. Rc2 Rd6 44. f3 Rad8 45. Kf2 Rd2+ 46. Ke1 Rd1+ 47. Rxd1 Rxd1+ 48. Kf2 Rb1 49. Ba2 Nxa2 50. Rxa2 Rb2+ 0-1

[Event "Isle of Wight International"]
[Site "Ryde"]
[Date "2025.02.20"]
[Round "5.54"]
[White "Patel, Keatan"]
[Black "Kennedy, Craig"]
[Result "1-0"]
[WhiteElo "1957"]
[BlackElo "1879"]
[PlyCount "59"]
[EventDate "2025.02.18"]
[EventType "swiss"]
[EventRounds "9"]
[EventCountry "ENG"]
[SourceTitle "BritBase"]
[Source "John Saunders"]
[SourceDate "2025.02.21"]
[SourceVersion "1"]
[SourceVersionDate "2025.02.21"]
[SourceQuality "1"]

1. e4 e6 2. d4 d5 3. Nd2 dxe4 4. Nxe4 Nf6 5. Nxf6+ Qxf6 6. Nf3 h6 7. Bd3 Nc6 8. c3 Bd6 9. O-O O-O 10. Bc2 Bf4 11. Qd3 g6 12. Qe4 Bxc1 13. Raxc1 Ne7 14. Ne5 Nf5 15. Qf4 Qg5 16. Qxg5 hxg5 17. Rce1 Kg7 18. f4 f6 19. Nd3 g4 20. Nc5 Kf7 21. Bb3 Ng7 22. d5 Re8 23. dxe6+ Nxe6 24. Re3 b6 25. Nd3 Kf8 26. f5 gxf5 27. Rxf5 Kg7 28. Rf1 Bd7 29. Rfe1 Ng5 30. Re7+ 1-0

[Event "Isle of Wight International"]
[Site "Ryde"]
[Date "2025.02.20"]
[Round "5.55"]
[White "Collyer, David"]
[Black "Maton, Emily"]
[Result "1/2-1/2"]
[WhiteElo "1929"]
[BlackElo "1886"]
[PlyCount "130"]
[EventDate "2025.02.18"]
[EventType "swiss"]
[EventRounds "9"]
[EventCountry "ENG"]
[SourceTitle "BritBase"]
[Source "John Saunders"]
[SourceDate "2025.02.21"]
[SourceVersion "1"]
[SourceVersionDate "2025.02.21"]
[SourceQuality "1"]

1. e4 c5 2. Nf3 e6 3. d4 cxd4 4. Nxd4 Nf6 5. Nc3 Nc6 6. Nxc6 bxc6 7. e5 Nd5 8. Ne4 Qc7 9. f4 Qb6 10. Ke2 f5 11. exf6 Nxf6 12. Nxf6+ gxf6 13. Be3 Bc5 14. Bxc5 Qxc5 15. Kf3 Bb7 16. Bd3 Qb4 17. Ke3 Qb6+ 18. Ke2 c5 19. Rg1 d5 20. b3 O-O-O 21. Qe1 Qd6 22. Qa5 Kb8 23. Rae1 e5 24. fxe5 fxe5 25. Kd1 e4 26. Be2 d4 27. Kc1 d3 28. Rd1 Qd4 29. Kb1 Qe3 30. Bg4 h5 31. Bh3 d2 32. Rgf1 Qd4 33. Rf7 Qb4 34. Qc7+ Ka8 35. a3 Qb5 36. Re7 Qb6 37. Qxb6 axb6 38. Bf5 Rhe8 39. Rxe8 Rxe8 40. Rxd2 e3 41. Re2 Bxg2 42. Bg6 Re5 43. Bxh5 Rxh5 44. Rxg2 Rf5 45. Re2 Rf2 46. Rxe3 Rxh2 47. Re7 Kb8 48. a4 Rg2 49. Kb2 Rh2 50. a5 bxa5 51. Re5 Kb7 52. Rxc5 Kb6 53. Rc8 Kb7 54. Rc4 Kb6 55. Ka3 Rh1 56. Rg4 Ra1+ 57. Kb2 Rh1 58. c4 Rf1 59. Rg6+ Kb7 60. Rg5 Kb6 61. Rb5+ Ka6 62. Kc3 Rf3+ 63. Kd4 Rf4+ 64. Ke5 Rh4 65. Kf6 a4 1/2-1/2

[Event "Isle of Wight International"]
[Site "Ryde"]
[Date "2025.02.20"]
[Round "5.56"]
[White "Li, Harvey"]
[Black "Fathallah, Joe"]
[Result "0-1"]
[WhiteElo "1766"]
[BlackElo "2044"]
[PlyCount "92"]
[EventDate "2025.02.18"]
[EventType "swiss"]
[EventRounds "9"]
[EventCountry "ENG"]
[SourceTitle "BritBase"]
[Source "John Saunders"]
[SourceDate "2025.02.21"]
[SourceVersion "1"]
[SourceVersionDate "2025.02.21"]
[SourceQuality "1"]

1. d4 f5 2. Nc3 Nf6 3. Bg5 d5 4. Bxf6 exf6 5. e3 Be6 6. Bd3 Qd7 7. Nge2 Nc6 8. a3 O-O-O 9. b4 g5 10. Na4 f4 11. Nc5 Bxc5 12. bxc5 fxe3 13. fxe3 Rde8 14. O-O Qe7 15. Nc3 Rhf8 16. Bb5 Bg8 17. Re1 f5 18. Bxc6 bxc6 19. Na2 Qf6 20. c3 Re4 21. Nb4 f4 22. exf4 gxf4 23. Rxe4 dxe4 24. Qe2 Bd5 25. Qa6+ Kd7 26. Qb7 Qe6 27. c4 Bxc4 28. d5 Bxd5 29. Rd1 Rf5 30. Na6 Qe5 31. Nb8+ Ke8 32. Qc8+ Kf7 33. Qd7+ Kg6 34. Nxc6 Bxc6 35. Qxc6+ Rf6 36. Qd7 Qxc5+ 37. Kh1 Qh5 38. Rd5 Qh4 39. Qe8+ Kh6 40. Qxe4 Qf2 41. h3 f3 42. gxf3 Rxf3 43. Qe6+ Rf6 44. Qg4 Qf1+ 45. Kh2 Rf2+ 46. Kg3 Rg2+ 0-1

[Event "Isle of Wight International"]
[Site "Ryde"]
[Date "2025.02.20"]
[Round "5.57"]
[White "Lukhi, Neev"]
[Black "Sivanesan, Subramanian"]
[Result "1/2-1/2"]
[WhiteElo "1963"]
[BlackElo "1894"]
[PlyCount "77"]
[EventDate "2025.02.18"]
[EventType "swiss"]
[EventRounds "9"]
[EventCountry "ENG"]
[SourceTitle "BritBase"]
[Source "John Saunders"]
[SourceDate "2025.02.21"]
[SourceVersion "1"]
[SourceVersionDate "2025.02.21"]
[SourceQuality "1"]

1. d4 Nf6 2. Bf4 g6 3. Nf3 Bg7 4. e3 d6 5. h3 O-O 6. c4 Nbd7 7. Nc3 Re8 8. Be2 b6 9. O-O Bb7 10. Qc2 e5 11. Bh2 e4 12. Nd2 Qe7 13. Rfe1 Nf8 14. b4 h5 15. f3 exf3 16. Bxf3 Bxf3 17. Nxf3 Ne4 18. Nd2 Nxc3 19. Qxc3 a5 20. b5 Ne6 21. Rad1 Rad8 22. Qd3 f5 23. Nf3 Nf8 24. Re2 Nd7 25. Bf4 Nf6 26. Bg5 Rd7 27. Bxf6 Bxf6 28. Rde1 Qe4 29. Qb3 Kg7 30. Nd2 Qa8 31. Qd3 Bh4 32. Rf1 Rde7 33. Nf3 Bf6 34. Nd2 Bg5 35. Rfe1 Bh4 36. Rf1 Bg5 37. Rfe1 a4 38. Nf3 Bf6 39. Nd2 1/2-1/2

[Event "Isle of Wight International"]
[Site "Ryde"]
[Date "2025.02.20"]
[Round "5.58"]
[White "McMahon, Paul"]
[Black "Ward, Cian"]
[Result "1/2-1/2"]
[WhiteElo "1919"]
[BlackElo "1866"]
[PlyCount "79"]
[EventDate "2025.02.18"]
[EventType "swiss"]
[EventRounds "9"]
[EventCountry "ENG"]
[SourceTitle "BritBase"]
[Source "John Saunders"]
[SourceDate "2025.02.21"]
[SourceVersion "1"]
[SourceVersionDate "2025.02.21"]
[SourceQuality "1"]

1. e4 e6 2. d4 d5 3. exd5 exd5 4. Nf3 Bd6 5. Bd3 Ne7 6. O-O Bg4 7. Bg5 f6 8. Bh4 Nbc6 9. c3 Qd7 10. Nbd2 O-O-O 11. Qc2 h5 12. Bg3 Bxg3 13. fxg3 g5 14. h4 Nf5 15. Ne5 fxe5 16. Bxf5 Bxf5 17. Qxf5 exd4 18. Qxg5 dxc3 19. bxc3 Rdg8 20. Qe3 Qd6 21. Rf4 Rg7 22. Re1 Rhg8 23. Nf1 Re7 24. Qf2 Rxe1 25. Qxe1 d4 26. cxd4 Rd8 27. Qd1 Qd5 28. Ne3 Qxa2 29. Qxh5 Qa1+ 30. Kh2 Nxd4 31. Qg4+ Kb8 32. h5 Nc6 33. h6 Qh8 34. Qg7 Rg8 35. Qxh8 Rxh8 36. Rh4 Ne5 37. Rh5 Nf7 38. Nf5 a5 39. Rh4 a4 40. Rxa4 1/2-1/2

[Event "Isle of Wight International"]
[Site "Ryde"]
[Date "2025.02.20"]
[Round "5.59"]
[White "Smith, Steve"]
[Black "Sui, Yueyue"]
[Result "0-1"]
[WhiteElo "1867"]
[BlackElo "1805"]
[PlyCount "104"]
[EventDate "2025.02.18"]
[EventType "swiss"]
[EventRounds "9"]
[EventCountry "ENG"]
[SourceTitle "BritBase"]
[Source "John Saunders"]
[SourceDate "2025.02.21"]
[SourceVersion "1"]
[SourceVersionDate "2025.02.21"]
[SourceQuality "1"]

1. e4 e6 2. d4 d5 3. e5 c5 4. c3 Qb6 5. Nf3 Bd7 6. a3 Bb5 7. c4 Bxc4 8. Bxc4 dxc4 9. d5 Qb3 10. d6 Nc6 11. Nc3 Qxd1+ 12. Kxd1 f6 13. exf6 gxf6 14. Re1 Kf7 15. Kc2 Bxd6 16. Nb5 Rd8 17. Be3 b6 18. Rad1 Bb8 19. Rxd8 Nxd8 20. Nd2 Ne7 21. Nxc4 Nb7 22. Nc3 Rd8 23. Bd2 Nf5 24. Ne2 Nbd6 25. Nxd6+ Bxd6 26. Bc3 Bc7 27. g3 Nd4+ 28. Bxd4 cxd4 29. Kd3 e5 30. Rc1 Bd6 31. b4 Ke7 32. b5 Kd7 33. a4 Rc8 34. Rf1 Ke6 35. f4 Kd5 36. fxe5 fxe5 37. Rf5 Rf8 38. Nxd4 Rxf5 39. Nxf5 Bc5 40. g4 e4+ 41. Kc3 Ke5 42. Ng3 Kf4 43. Kc4 e3 44. a5 Kxg4 45. axb6 Bxb6 46. Kd3 Kf3 47. Ne2 h5 48. h3 h4 49. Ng1+ Kg2 50. Ne2 Kxh3 51. Nf4+ Kg4 52. Ke4 h3 0-1

[Event "Isle of Wight International"]
[Site "Ryde"]
[Date "2025.02.21"]
[Round "6.1"]
[White "Cheng, Bobby Sky"]
[Black "Camacho Collados, Marcos"]
[Result "1-0"]
[WhiteElo "2594"]
[BlackElo "2459"]
[PlyCount "89"]
[EventDate "2025.02.18"]
[EventType "swiss"]
[EventRounds "9"]
[EventCountry "ENG"]
[SourceTitle "BritBase"]
[Source "John Saunders"]
[SourceDate "2025.02.21"]
[SourceVersion "1"]
[SourceVersionDate "2025.02.21"]
[SourceQuality "1"]

1. d4 Nf6 2. c4 e6 3. Nf3 b6 4. g3 Bb4+ 5. Bd2 c5 6. Bg2 Bb7 7. Bxb4 cxb4 8. O-O O-O 9. Qd3 d6 10. Nbd2 Qc7 11. a3 bxa3 12. Rxa3 a5 13. e4 e5 14. d5 Na6 15. Qb1 Nb4 16. Ne1 Ba6 17. Rc3 Nd7 18. Nd3 Nxd3 19. Qxd3 Nc5 20. Qe3 Qd7 21. Rfc1 Rab8 22. Bf1 g6 23. Nb3 a4 24. Nxc5 bxc5 25. b3 Rb4 26. bxa4 Rfb8 27. a5 Rb2 28. h4 Kg7 29. h5 f6 30. Qf3 Bc8 31. Ra3 Qa7 32. Kh2 Qa6 33. Bh3 Bxh3 34. Kxh3 Rb1 35. Rcc3 Qc8+ 36. Kh2 R8b2 37. Rcb3 Qa6 38. Rxb2 Rxb2 39. h6+ Kf7 40. Rb3 Ra2 41. Rb6 Qc8 42. Qb3 Rxf2+ 43. Kg1 Rf1+ 44. Kxf1 Qh3+ 45. Kg1 1-0

[Event "Isle of Wight International"]
[Site "Ryde"]
[Date "2025.02.21"]
[Round "6.2"]
[White "Badacsonyi, Stanley"]
[Black "Bogner, Sebastian"]
[Result "1/2-1/2"]
[WhiteElo "2307"]
[BlackElo "2540"]
[PlyCount "63"]
[EventDate "2025.02.18"]
[EventType "swiss"]
[EventRounds "9"]
[EventCountry "ENG"]
[SourceTitle "BritBase"]
[Source "John Saunders"]
[SourceDate "2025.02.21"]
[SourceVersion "1"]
[SourceVersionDate "2025.02.21"]
[SourceQuality "1"]

1. d4 Nf6 2. c4 e6 3. Nc3 Bb4 4. e3 O-O 5. Bd2 d5 6. Nf3 b6 7. cxd5 exd5 8. Bd3 Bd6 9. Rc1 c5 10. Ne5 Ba6 11. Bxa6 Nxa6 12. O-O Nc7 13. Ng4 c4 14. Nxf6+ Qxf6 15. e4 dxe4 16. Nxe4 Bxh2+ 17. Kxh2 Qh4+ 18. Kg1 Qxe4 19. Rxc4 Ne6 20. Be3 Rad8 21. Ra4 Rd5 22. Rxa7 Rc8 23. Re1 h5 24. Qb1 Qg4 25. Qd1 Qf5 26. Qb1 Rc2 27. Rc1 Rxc1+ 28. Qxc1 h4 29. Ra8+ Kh7 30. Rc8 Nxd4 31. Bxd4 Rxd4 32. Qc2 1/2-1/2

[Event "Isle of Wight International"]
[Site "Ryde"]
[Date "2025.02.21"]
[Round "6.3"]
[White "Czopor, Maciej"]
[Black "Ghasi, Ameet K"]
[Result "1/2-1/2"]
[WhiteElo "2409"]
[BlackElo "2506"]
[PlyCount "46"]
[EventDate "2025.02.18"]
[EventType "swiss"]
[EventRounds "9"]
[EventCountry "ENG"]
[SourceTitle "BritBase"]
[Source "John Saunders"]
[SourceDate "2025.02.21"]
[SourceVersion "1"]
[SourceVersionDate "2025.02.21"]
[SourceQuality "1"]

1. d4 Nf6 2. c4 g6 3. Nc3 Bg7 4. e4 d6 5. f4 O-O 6. Nf3 c5 7. d5 e6 8. Be2 exd5 9. cxd5 Nbd7 10. O-O Re8 11. Qc2 a6 12. a4 Qc7 13. Nd2 Rb8 14. Kh1 c4 15. Nxc4 b5 16. axb5 axb5 17. Nxd6 Qxd6 18. e5 Qc7 19. d6 Qc6 20. Bf3 Qc4 21. Be2 Qc6 22. Bf3 Qc4 23. Be2 Qc6 1/2-1/2

[Event "Isle of Wight International"]
[Site "Ryde"]
[Date "2025.02.21"]
[Round "6.4"]
[White "Chatalbashev, Boris"]
[Black "Zhou, Yang-Fan"]
[Result "1-0"]
[WhiteElo "2489"]
[BlackElo "2427"]
[PlyCount "69"]
[EventDate "2025.02.18"]
[EventType "swiss"]
[EventRounds "9"]
[EventCountry "ENG"]
[SourceTitle "BritBase"]
[Source "John Saunders"]
[SourceDate "2025.02.21"]
[SourceVersion "1"]
[SourceVersionDate "2025.02.21"]
[SourceQuality "1"]

1. d4 Nf6 2. c4 g6 3. Nc3 Bg7 4. e4 O-O 5. Be2 d6 6. Be3 Na6 7. Nf3 e5 8. O-O Qe7 9. Qc2 c6 10. d5 Ng4 11. Bg5 f6 12. Bd2 f5 13. Bg5 Nf6 14. exf5 Bxf5 15. Qd2 Nc5 16. b4 Nce4 17. Nxe4 Bxe4 18. dxc6 bxc6 19. Rae1 d5 20. b5 cxb5 21. cxd5 Qb7 22. d6 Bc6 23. Rc1 Rac8 24. Rfd1 Ne4 25. Qe3 Nxg5 26. Nxg5 Bh6 27. Bg4 Bd7 28. Qb3+ Kh8 29. Nf7+ Rxf7 30. Rxc8+ Qxc8 31. Qxf7 Bxg4 32. d7 Bxd7 33. Qxd7 Qxd7 34. Rxd7 a6 35. Ra7 1-0

[Event "Isle of Wight International"]
[Site "Ryde"]
[Date "2025.02.21"]
[Round "6.5"]
[White "Sivanesan, Subramanian"]
[Black "Prado, Alexandra"]
[Result "1/2-1/2"]
[WhiteElo "1894"]
[BlackElo "1938"]
[PlyCount "120"]
[EventDate "2025.02.18"]
[EventType "swiss"]
[EventRounds "9"]
[EventCountry "ENG"]
[SourceTitle "BritBase"]
[Source "John Saunders"]
[SourceDate "2025.02.21"]
[SourceVersion "1"]
[SourceVersionDate "2025.02.21"]
[SourceQuality "1"]

1. e4 c5 2. Nf3 g6 3. d4 cxd4 4. Nxd4 Nc6 5. c4 Bg7 6. Be3 Qb6 7. Nb3 Qd8 8. Qd2 Nf6 9. f3 d6 10. Be2 Be6 11. Nc3 Rc8 12. Rc1 b6 13. Nd5 Ne5 14. Nd4 O-O 15. O-O Qd7 16. b3 Qb7 17. Nxe6 fxe6 18. Nf4 Qd7 19. Rfd1 g5 20. Nd3 Nxd3 21. Qxd3 h6 22. e5 Ne8 23. Qg6 Rf5 24. Bd3 Rxe5 25. Bd4 Qc7 26. Bxe5 Qc5+ 27. Kh1 Qxe5 28. Re1 Qf6 29. Rxe6 Qxg6 30. Bxg6 Bf6 31. Rce1 Kf8 32. Bxe8 Rxe8 33. g3 Rc8 34. f4 gxf4 35. gxf4 Rc5 36. Kg2 Ra5 37. R1e2 Rf5 38. Kg3 Kf7 39. Kg4 Rc5 40. R6e4 Rc8 41. Kf3 h5 42. Rd2 h4 43. Rd5 Rg8 44. a4 Rg1 45. a5 Rb1 46. Re3 Rb2 47. h3 Rh2 48. Ke4 Rg2 49. axb6 axb6 50. Rb5 Rd2 51. Rd3 Re2+ 52. Re3 Rd2 53. Rd5 Rf2 54. Rb5 Rd2 55. Rd3 Re2+ 56. Kf3 Rh2 57. Kg4 Rg2+ 58. Kf3 Rh2 59. Ke4 Re2+ 60. Re3 Rd2 1/2-1/2

[Event "Isle of Wight International"]
[Site "Ryde"]
[Date "2025.02.21"]
[Round "6.6"]
[White "Fischer, Daniel"]
[Black "Wadsworth, Matthew J"]
[Result "0-1"]
[WhiteElo "2341"]
[BlackElo "2489"]
[PlyCount "68"]
[EventDate "2025.02.18"]
[EventType "swiss"]
[EventRounds "9"]
[EventCountry "ENG"]
[SourceTitle "BritBase"]
[Source "John Saunders"]
[SourceDate "2025.02.21"]
[SourceVersion "1"]
[SourceVersionDate "2025.02.21"]
[SourceQuality "1"]

1. e4 e6 2. d4 d5 3. Nd2 Be7 4. Ngf3 Nf6 5. e5 Nfd7 6. Bd3 c5 7. c3 Nc6 8. O-O a5 9. Re1 cxd4 10. cxd4 Qb6 11. h3 a4 12. Rb1 Nb4 13. Nf1 h6 14. a3 Nxd3 15. Qxd3 Qa6 16. Qe3 Nb6 17. h4 Bd7 18. Qf4 Bb5 19. h5 Bd3 20. Ra1 Nc4 21. Qg3 Na5 22. N3d2 g6 23. Re3 Bxf1 24. Nxf1 Nb3 25. Rxb3 axb3 26. hxg6 fxg6 27. Nd2 g5 28. Nxb3 Rc8 29. Qf3 b6 30. Bd2 Rf8 31. Qh5+ Kd7 32. Bc3 Qd3 33. Rf1 g4 34. g3 Qe2 0-1

[Event "Isle of Wight International"]
[Site "Ryde"]
[Date "2025.02.21"]
[Round "6.7"]
[White "Plat, Vojtech"]
[Black "Derakhshani, Borna"]
[Result "1-0"]
[WhiteElo "2459"]
[BlackElo "2355"]
[PlyCount "83"]
[EventDate "2025.02.18"]
[EventType "swiss"]
[EventRounds "9"]
[EventCountry "ENG"]
[SourceTitle "BritBase"]
[Source "John Saunders"]
[SourceDate "2025.02.21"]
[SourceVersion "1"]
[SourceVersionDate "2025.02.21"]
[SourceQuality "1"]

1. d4 Nf6 2. Nf3 e6 3. c4 d5 4. e3 c6 5. Nbd2 Nbd7 6. Bd3 Bd6 7. O-O O-O 8. e4 dxe4 9. Nxe4 Nxe4 10. Bxe4 Nf6 11. Bc2 h6 12. b3 Qa5 13. Qd3 Rd8 14. Bb2 Ba3 15. Bc3 Bb4 16. Bxb4 Qxb4 17. Rfd1 b6 18. Ne5 Bb7 19. h3 c5 20. d5 exd5 21. a3 Qa5 22. Ng4 Ne4 23. Qf3 b5 24. cxd5 Nd6 25. Qg3 Kf8 26. Qe3 Qb6 27. Qf4 Ne8 28. d6 Rxd6 29. Ne5 Qc7 30. Rxd6 Nxd6 31. Rd1 Rd8 32. Rd3 f6 33. Rg3 Ne8 34. Ng6+ Kg8 35. Qe3 Kf7 36. Nh8+ Kg8 37. Ng6 Kf7 38. Qe2 Nd6 39. Re3 Re8 40. Rxe8 Nxe8 41. Nh8+ Kf8 42. Qe6 1-0

[Event "Isle of Wight International"]
[Site "Ryde"]
[Date "2025.02.21"]
[Round "6.8"]
[White "Gormally, Daniel W"]
[Black "Bezuidenhout, Roland"]
[Result "1/2-1/2"]
[WhiteElo "2435"]
[BlackElo "2283"]
[PlyCount "218"]
[EventDate "2025.02.18"]
[EventType "swiss"]
[EventRounds "9"]
[EventCountry "ENG"]
[SourceTitle "BritBase"]
[Source "John Saunders"]
[SourceDate "2025.02.21"]
[SourceVersion "1"]
[SourceVersionDate "2025.02.21"]
[SourceQuality "1"]

1. d4 d5 2. c4 e6 3. Nf3 a6 4. e3 Nf6 5. Nc3 Nbd7 6. a3 dxc4 7. Bxc4 b5 8. Ba2 Bb7 9. O-O c5 10. d5 exd5 11. Nxd5 c4 12. Nc3 Nc5 13. Nd4 Nd5 14. Nce2 Be7 15. b3 cxb3 16. Nxb3 Na4 17. Bd2 Rc8 18. Na5 Ba8 19. Qb3 O-O 20. Rad1 Qb6 21. Be1 Nc5 22. Qb1 Nf6 23. Bb4 Be4 24. Qa1 Ng4 25. h3 Bf6 26. Nd4 Ne5 27. Bb1 Ba8 28. Bf5 Rc7 29. Qb1 g6 30. Bc2 Re8 31. Ndb3 Ned7 32. Nxc5 Nxc5 33. Rd2 Ne4 34. Bxe4 Bxe4 35. Qd1 Be5 36. Qg4 h5 37. Qe2 Qf6 38. Rfd1 Re6 39. f3 Bc6 40. Nb3 Re8 41. Qf2 Rcc8 42. Bd6 Bc3 43. Rd3 a5 44. Bc5 b4 45. axb4 axb4 46. Bd4 Bxd4 47. Nxd4 Bd5 48. Rb1 Bc4 49. Rd2 Qe7 50. Rdb2 Qxe3 51. Qxe3 Rxe3 52. Rxb4 Rd3 53. Rb8 Rxb8 54. Rxb8+ Kg7 55. Nc2 Rd2 56. Ne3 Be6 57. Rb4 Re2 58. Nf1 g5 59. Ng3 Ra2 60. Nxh5+ Kg6 61. Ng3 Bf5 62. h4 Ra1+ 63. Kh2 gxh4 64. Rxh4 Bd3 65. Rd4 Ra3 66. Nh1 Bf5 67. Nf2 Re3 68. Kg3 Ra3 69. Rd2 Rc3 70. Rd6+ Kg7 71. Kf4 Rc2 72. Nd1 Be6 73. Ne3 Ra2 74. g4 Ra4+ 75. Kg3 Ra3 76. Nc2 Rc3 77. Nd4 Bc8 78. g5 Rc1 79. f4 Rc3+ 80. Kf2 Bg4 81. Rf6 Rd3 82. Nc6 Rf3+ 83. Kg2 Re3 84. Ne5 Be6 85. Kf2 Re4 86. Kf3 Re1 87. Nd3 Bd5+ 88. Kf2 Re6 89. Nb4 Bb3 90. Rf5 f6 91. gxf6+ Rxf6 92. Rg5+ Kf7 93. Nd3 Bc2 94. Ne5+ Ke6 95. Ke3 Rh6 96. Nf3 Rh3 97. Kf2 Kf6 98. Rc5 Ba4 99. Ng5 Rb3 100. Ne4+ Ke7 101. Re5+ Kf7 102. f5 Bd7 103. Rc5 Ke7 104. Rc7 Rb2+ 105. Ke3 Kd8 106. Rc5 Rb5 107. f6 Rxc5 108. Nxc5 Bc8 109. Kf4 Ke8 1/2-1/2